000 00490nam a22001817a 4500
003 BDDh-ASL
005 20231015031051.0
008 221220s1963 pk ||||| |||| 00| 0 a d
040 _aBDDh-ASL
_cBDDh-ASL
041 _aara
082 _a297
_bBIM
100 1 _aBinnuri, Yusuf Al
_96811
245 1 0 _aM'ārifus Sunan : / معارف السنن
260 _aKarachi :
_bAl Hejaz Printing Centre ,
_c1963.
300 _a100 p. :
_c26 cm.
650 0 _aHadith
_93956
942 _2ddc
_cBK
999 _c29767
_d29767